Online
Catalog
Normal view MARC view

Entry Nombre geográfico

Number of records used in: 1

001 - NÚMERO DE CONTROL

  • campo de control: 78792

003 - IDENTIFICADOR DEL NÚMERO DE CONTROL

  • campo de control: BNPHU

005 - FECHA Y HORA DE LA ÚLTIMA TRANSACCIÓN

  • campo de control: 20240229164406.0

008 - DATOS DE LONGITUD FIJA

  • campo de control de longitud fija: 210609|| aca||aabn | a|a d

010 ## - NÚMERO DE CONTROL DE LA BIBLIOTECA DEL CONGRESO

  • Número de control de LC: n 85081729

040 ## - FUENTE DE LA CATALOGACIÓN

  • Centro catalogador/agencia de origen: DO-SdBNP
  • Lengua de catalogación: spa
  • Centro/agencia transcriptor: BNPHU
  • Centro/agencia modificador: OCLC

151 ## - ENCABEZAMIENTO--NOMBRE GEOGRÁFICO

  • Nombre geográfico: San Francisco de Macorís (República Dominicana)

451 ## - TRAZADO DE VÉASE--NOMBRE GEOGRÁFICO

  • Nombre geográfico: Santa Ana del Rincón de San Francisco de Macorís (República Dominicana)

451 ## - TRAZADO DE VÉASE--NOMBRE GEOGRÁFICO

  • Nombre geográfico: San Pancho de los Macorijes (República Dominicana)

670 ## - FUENTE DE DATOS ENCONTRADOS

  • Cita de la fuente: Liga Municipal Dominicana. Depto. de Planeamiento Municipal. Plano de San Fco. de Macorís, exclusivo para el plan de ordenamiento urbano, 1969.

670 ## - FUENTE DE DATOS ENCONTRADOS

  • Cita de la fuente: Ferreras, R.A. San Pancho de los Macorijes, 1980

781 ## - ENTRADA DE ENLACE DE SUBDIVISIÓN--SUBDIVISIÓN GEOGRÁFICA

  • Subdivisión geográfica: República Dominicana
  • Subdivisión geográfica: San Francisco de Macorís

Powered by Koha